Arwen - Statistics

General Stats
  • This quiz has been taken 22 times
    16 since last reset
  • The average score is 7 of 12
Answer Stats
Hint Answer % Correct
Sibling(s) Elladan and Elrohir
100%
Parents Elrond and Celebrían
100%
Death FO 121
67%
Race Half-elven
67%
Birth TA 241
67%
Crowning TA 3019
67%
Rule 122
33%
Age 2901
33%
Spouse Aragorn II Elessar
33%
Children Eldarion and several daughters
33%
Culture Elves of Lindon, Elves of Rivendell
33%
Realms Reunited Kingdom - Arnor and Gondor
33%
No matching quizzes found
Score Distribution
Percent of People with Each Score
Percentile by Number Answered
Your Score History
You have not taken this quiz since the last reset